| 000 | 00636nam a2200217Ia 4500 | ||
|---|---|---|---|
| 005 | 20250108125123.0 | ||
| 008 | 008 250107s9999 xx 000 0 eng d | ||
| 037 | _aTB | ||
| 040 |
_aCRL _beng _cCRL |
||
| 041 |
_aeng _2eng |
||
| 084 | _aY15.2 Q9.1-.2 | ||
| 084 | _qCRL | ||
| 100 |
_aSamad M.Abdul Ed. _9730434 |
||
| 245 | 0 |
_aThangal kunju musaliar birth centenary: commemoration volume _cSamad M.Abdul Ed. |
|
| 260 |
_aKollam, India _bThangal Kunju Musaliar College Trust _c3386 |
||
| 300 | _axxvi,558p. | ||
| 365 |
_aINR _b1000 |
||
| 650 | _aECONOMICS | ||
| 942 |
_cTB _hY15.2 Q9.1-.2 |
||
| 999 |
_c1235774 _d1235774 |
||